Paul Rudd Movies Quiz Stats

 Plays Quiz Updated Jan 1, 2021

Support Sporcle.
Go Orange.
Score 0/57 Timer 06:00
1 Play Today
Year Movie Title % Correct
2004Anchorman: The Legend of Ron Burgundy
76.6%
2018Ant-Man and the Wasp
74.8%
2019Avengers: Endgame
72.7%
2015Ant-Man
72.7%
2013Anchorman: The Legend Continues
66.5%
1995Clueless
50%
2016Captain America: Civil War
49%
2007Knocked Up
48.1%
2009I Love You, Man
46.9%
2005The 40-Year-Old Virgin
46.1%
2012This Is 40
45.4%
2008Forgetting Sarah Marshall
36.7%
2008Role Models
33.4%
2013This Is the End
24.4%
2012Wanderlust
23.7%
2011Our Idiot Brother
23.3%
2001Wet Hot American Summer
22.1%
2010Dinner for Schmucks
21.4%
1996Romeo + Juliet
17.3%
2019Between Two Ferns: The Movie
15.8%
2012The Perks of Being a Wallflower
14.3%
1998The Object of My Affection
14.2%
1995Halloween: The Curse of Michael Myers
14.1%
2013Admission
14%
2006Night at the Museum
13%
2014They Came Together
12.7%
1999The Cider House Rules
12.3%
2018Mute
12.3%
2009Monsters vs. Aliens
12.1%
Year Movie Title % Correct
2016The Fundamentals of Caring
11.8%
2010How Do You Know
11.7%
2015The Little Prince
11.2%
2018The Catcher Was a Spy
11.1%
2007The Ten
10.9%
2018Ideal Home
10%
1998Overnight Delivery
9.8%
2007Reno 911: Miami
9.6%
2008Over Her Dead Body
9.3%
2013Prince Avalanche
9.3%
2013All is Bright
9%
2003The Shape of Things
8.7%
1999200 Cigarettes
8.7%
2007I Could Never Be Your Woman
8.5%
2016Nerdland
8.5%
2006Diggers
8.3%
2007The Ex
7.8%
2006The Oh in Ohio
7.7%
2005The Baxter
7.2%
2004P.S.
6.8%
2003Two Days
6.8%
2001The Château
6.6%
1997The Locusts
6.2%
2017Fun Mom Dinner
5.9%
2005Tennis, Anyone...?
5.4%
1996The Size of Watermelons
5.1%
2001Reaching Normal
4.8%
2000Gen-X Cops 2: Metal Mayhem
4.3%

From the Vault

First President Elected from Each Party

by Thebiguglyalien

History 60s
Each of these Presidents' wives gets to call themselves the first First Ladies.
Remove Ads.
Support Sporcle.
Get the best of Sporcle when you Go Orange. This ad-free experience offers more features, more stats, and more fun while also helping to support Sporcle. Thank you for becoming a member.

Show Comments

Extras

Top Quizzes Today


Score Distribution

Your Account Isn't Verified!

In order to create a playlist on Sporcle, you need to verify the email address you used during registration. Go to your Sporcle Settings to finish the process.

Report this User

Report this user for behavior that violates our Community Guidelines.

Details: